Inferior Cranial Elements - Statistics

General Stats
  • This quiz has been taken 18 times
  • The average score is 7 of 24
Answer Stats
Hint Answer % Correct
1 Vomer
100%
23 Carotid Canal
50%
9 Foramen Magnum
50%
17 Foramen Ovale
50%
6 Jugular Foramen
50%
20 Mastoid Process
50%
10 Occipital Bone
50%
7 Occipital Condyle
50%
14 Palatine Bone
50%
21 Styloid Process
50%
8 Temporal Bone
50%
13 Zygomatic Bone
50%
16 Articular Tubercle
0%
19 External Auditory Meatus
0%
24 External Occipital Protuberance
0%
5 Foramen Lacerum
0%
4 Foramen Spinosum
0%
18 Mandibular Fossa
0%
15 Medial and Lateral Pterygoid Plates
0%
12 Palatine Process
0%
3 Sphenoid Bone
0%
22 Stylomastoid Foramen
0%
11 Superior Nuchal Line
0%
2 Zygomatic Arch
0%
No matching quizzes found
Score Distribution
Percent of People with Each Score
Percentile by Number Answered
Your Score History
You have not taken this quiz